Normal view
MARC view
Entry Topical Term
001 - CONTROL NUMBER
- control field: 238940
003 - CONTROL NUMBER IDENTIFIER
- control field: OSt
005 - DATE AND TIME OF LATEST TRANSACTION
- control field: 20250917092225.0
008 - FIXED-LENGTH DATA ELEMENTS
- fixed length control field: 250917|| aca||aabn | a|a d
040 ## - CATALOGING SOURCE
- Original cataloging agency: OSt
- Transcribing agency: OSt
150 ## - HEADING--TOPICAL TERM
- Topical term or geographic name entry element: Tulu Drama
670 ## - SOURCE DATA FOUND
- Source citation: Work cat.: (OSt)214694: K. N. Tailor ಕೆ.ಎನ್. ಟೇಲರ್. 238939, Kandane Budedi, 1983